000 01573nam a22001577a 4500
041 _aukr
080 _a09
090 _bПАР
100 _aПардус С. В.
245 _aНавчання аудіюванню як один із аспектів мовленнєвої діялбності школярів
260 _aОстрог
_bКАФ
_c2004
300 _a62
520 _aРозділ 1. Теоретичні засади навчання аудіюванню. 1.1. Психологічні особливості аудіювання та його звязок з іншими видами мовленнєвої діялюності. 1.2. Основні труднощі розуміння мови на слух. 1.3. Мова вчителя як основна і базисна форма для навчання аудіюванню. Розділ 2. Методика навчання аудіюванню. 2.1. Використання аудіювання у навчанні іноземної мови в сучасній загальноосвітній школі. 2.2. Основні види вправ для навчання аудіюванню. 2.3. Контроль розуміння при виконанні вправ з аудіювання. 2.4. Підготовка і проведення експериментальної роботи. 2.5. Аналіз результатів експериментальної роботи.
_0Аудіювання, вправа, методика.
650 _aResearch Papers
999 _c282596
_d282596
942 _cBK